SERVICE MANAGEMENT OPERATIONS STRATEGY INFORMATION TECHN (Record no. 33594)

MARC details
000 -LEADER
fixed length control field 00282nam a2200109Ia 4500
008 - FIXED-LENGTH DATA ELEMENTS--GENERAL INFORMATION
fixed length control field 240625s9999 xx 000 0 und d
041 ## - LANGUAGE CODE
Language code of text/sound track or separate title eng
082 ## - DEWEY DECIMAL CLASSIFICATION NUMBER
Classification number 658 FIT
100 ## - MAIN ENTRY--PERSONAL NAME
Personal name FITZSIMMONS JAMES A
245 ## - TITLE STATEMENT
Title SERVICE MANAGEMENT OPERATIONS STRATEGY INFORMATION TECHN
260 ## - PUBLICATION, DISTRIBUTION, ETC.
Date of publication, distribution, etc. 2006
Holdings
Withdrawn status Lost status Damaged status Not for loan Home library Current library Shelving location Date acquired Full call number Barcode Date last seen Price effective from Koha item type
        IMTN IMTN Rack 22-B 06/04/2007 658 FIT CD613 06/25/2024 06/25/2024 CD
Designed & Maintained by: LRC IMT Nagpur Contact: lrc@imtnag.ac.in© 2024. All Rights Reserved.